| 000 | 00678nam a2200241Ia 4500 | ||
|---|---|---|---|
| 008 | 160517s9999 xx 000 0 und d | ||
| 020 | _a978-981-4272-65-0 | ||
| 050 | _aComSc QA 76.9 | ||
| 050 | _b.S88S28 2009 | ||
| 100 | _aSatzinger, John W. | ||
| 245 | _aSystems analysis and design / | ||
| 245 | _cJohn W. Satzinger, Robert B. Jackson, Stephen D. Burd. | ||
| 260 | _aSingapore : | ||
| 260 | _bCengage Learning Asia Pte Ltd., | ||
| 260 | _c2009 | ||
| 300 | _a672 pages : | ||
| 300 | _bill. ; | ||
| 300 | _c26 cm. | ||
| 500 | _aIncludes index. | ||
| 650 | _aSystem design. | ||
| 650 | _aSystems programming (Computer Science). | ||
| 650 | _xSystem analysis. | ||
| 999 |
_c294117 _d294117 |
||